000 00449nam a2200169Ia 4500
008 230711s9999||||xx |||||||||||||| ||und||
020 _a978-81-8371-189-0
041 _aENG
082 _a621.3
_bAN-B
100 _aNatarajan,R.Ananda
245 0 _aBasic Electrical Engineering
250 _a1st Ed.
260 _c2009
_aHyderabad
_bScitech Publications (India)Pvt.Ltd
650 _aElectrical Engineering
700 _aBabu,P.Ramesh
942 _cBK
999 _c8730
_d8730